[Event "46th Greek Team Championship"]
[Site "chess24.com"]
[Date "2018.07.13"]
[Round "5"]
[White "Petraki, Maria"]
[Black "Galunova, Tsveta"]
[Result "1-0"]
[Board "5"]
[WhiteElo "1962"]
[WhiteTitle "WFM"]
[WhiteCountry "GRE"]
[WhiteFideId "4200985"]
[WhiteEloChange "16"]
[BlackElo "2204"]
[BlackTitle "WIM"]
[BlackCountry "FID"]
[BlackFideId "2909995"]
[BlackEloChange "-16"]

1. e4 {[%clk 1:30:19]} c5 {[%clk 1:30:49]} 2. Nf3 {[%clk 1:30:30]} e6 {[%clk
1:31:05]} 3. d4 {[%clk 1:30:39]} cxd4 {[%clk 1:31:28]} 4. Nxd4 {[%clk 1:31:01]}
Qb6 {[%clk 1:31:47]} 5. Nb3 {[%clk 1:27:36]} Qc7 {[%clk 1:32:06]} 6. Nc3 {[%clk
1:16:55]} a6 {[%clk 1:32:10]} 7. Bd3 {[%clk 1:11:22]} d6 {[%clk 1:31:42]} 8. O-O
{[%clk 1:07:58]} Nf6 {[%clk 1:32:01]} 9. f4 {[%clk 1:03:45]} Be7 {[%clk 1:32:02]}
10. Qf3 {[%clk 0:54:18]} Nbd7 {[%clk 1:31:02]} 11. Bd2 {[%clk 0:48:26]} b5 {[%clk
1:30:09]} 12. Rae1 {[%clk 0:42:55]} Bb7 {[%clk 1:28:47]} 13. Qg3 {[%clk 0:41:25]}
b4 {[%clk 1:09:12]} 14. Nd1 {[%clk 0:38:01]} g6 {[%clk 1:00:07]} 15. Kh1 {[%clk
0:35:46]} Nc5 {[%clk 0:55:49]} 16. Nxc5 {[%clk 0:32:13]} Qxc5 {[%clk 0:48:29]}
17. Be3 {[%clk 0:23:03]} Qc7 {[%clk 0:46:50]} 18. Bd4 {[%clk 0:23:00]} O-O {[%clk
0:45:16]} 19. f5 {[%clk 0:19:04]} e5 {[%clk 0:42:03]} 20. Bg1 {[%clk 0:10:48]}
Nh5 {[%clk 0:37:33]} 21. Qg4 {[%clk 0:06:34]} Bf6 {[%clk 0:17:05]} 22. Ne3 {[%clk
0:05:41]} Nf4 {[%clk 0:16:49]} 23. b3 {[%clk 0:01:25]} Rae8 {[%clk 0:12:24]} 24.
Nc4 {[%clk 0:00:35]} d5 {[%clk 0:11:41]} 25. Nd2 {[%clk 0:01:04]} Kg7 {[%clk
0:09:37]} 26. exd5 {[%clk 0:01:25]} h5 {[%clk 0:08:31]} 27. Qg3 {[%clk 0:01:28]}
h4 {[%clk 0:07:45]} 28. Qg4 {[%clk 0:01:33]} h3 {[%clk 0:06:44]} 29. gxh3 {[%clk
0:02:02]} Bxd5+ {[%clk 0:06:48]} 30. Be4 {[%clk 0:01:51]} Qc6 {[%clk 0:05:04]}
31. Bxd5 {[%clk 0:01:28]} Qxd5+ {[%clk 0:05:26]} 32. Ne4 {[%clk 0:01:32]} Rh8
{[%clk 0:04:54]} 33. Rf3 {[%clk 0:01:40]} Bh4 {[%clk 0:02:51]} 34. Ree3 {[%clk
0:00:42]} Rh5 {[%clk 0:02:55]} 35. f6+ {[%clk 0:01:08]} Bxf6 {[%clk 0:02:53]} 36.
Nxf6 {[%clk 0:01:16]} Kxf6 {[%clk 0:03:21]} 37. Rd3 {[%clk 0:00:43]} Qe4 {[%clk
0:01:44]} 38. Qd7 {[%clk 0:00:37]} Reh8 {[%clk 0:02:02]} 39. Re3 {[%clk 0:00:51]}
Qf5 {[%clk 0:01:14]} 40. Qd6+ {[%clk 0:31:01]} Kg7 {[%clk 0:30:57]} 41. Rxe5
{[%clk 0:23:28]} Qxe5 {[%clk 0:20:44]} 42. Bd4 {[%clk 0:22:42]} f6 {[%clk
0:20:14]} 43. Bxe5 {[%clk 0:21:55]} fxe5 {[%clk 0:20:39]} 44. Qxb4 {[%clk
0:19:04]} Kh6 {[%clk 0:16:25]} 45. Qe7 {[%clk 0:15:52]} Nxh3 {[%clk 0:11:50]} 46.
Qf6 {[%clk 0:09:51]} Re8 {[%clk 0:08:02]} 47. Qxa6 {[%clk 0:05:28]} e4 {[%clk
0:07:22]} 48. Re3 {[%clk 0:04:15]} Nf2+ {[%clk 0:06:54]} 49. Kg1 {[%clk 0:03:38]}
Ng4 {[%clk 0:02:26]} 50. Rg3 {[%clk 0:03:43]} Ne5 {[%clk 0:02:02]} 51. Qe2 {[%clk
0:03:43]} Kh7 {[%clk 0:01:36]} 52. Qxe4 {[%clk 0:03:24]} Rf5 {[%clk 0:01:44]} 53.
Rc3 {[%clk 0:01:49]} Rg5+ {[%clk 0:00:51]} 54. Rg3 {[%clk 0:01:26]} Rf5 {[%clk
0:01:19]} 55. a4 {[%clk 0:00:56]} Rd8 {[%clk 0:00:50]} 56. Qe2 {[%clk 0:00:56]}
Rdf8 {[%clk 0:00:52]} 57. Kg2 {[%clk 0:00:49]} Nc6 {[%clk 0:00:45]} 58. c3 {[%clk
0:00:51]} R8f7 {[%clk 0:00:46]} 59. b4 {[%clk 0:01:15]} Re7 {[%clk 0:01:01]} 60.
Qd2 {[%clk 0:01:29]} Rfe5 {[%clk 0:01:20]} 61. Kf2 {[%clk 0:01:36]} Rf5+ {[%clk
0:01:15]} 62. Rf3 {[%clk 0:01:22]} Rh5 {[%clk 0:01:43]} 63. Kg1 {[%clk 0:01:28]}
Ne5 {[%clk 0:01:59]} 64. Rg3 {[%clk 0:01:28]} Rf5 {[%clk 0:02:09]} 65. Kg2 {[%clk
0:01:29]} Rd7 {[%clk 0:01:46]} 66. Rh3+ {[%clk 0:01:32]} Kg8 {[%clk 0:02:02]} 67.
Qe2 {[%clk 0:00:41]} Kg7 {[%clk 0:00:33]} 68. a5 {[%clk 0:01:06]} Rc7 {[%clk
0:00:33]} 69. b5 {[%clk 0:00:59]} Nc4 {[%clk 0:00:40]} 70. b6 {[%clk 0:01:00]}
Rc6 {[%clk 0:00:33]} 71. Qe7+ {[%clk 0:00:54]} Rf7 {[%clk 0:01:00]} 72. Rh7+
{[%clk 0:01:06]} Kxh7 {[%clk 0:01:18]} 73. Qxf7+ {[%clk 0:01:33]} Kh6 {[%clk
0:01:28]} 74. b7 {[%clk 0:01:36]} 1-0

[Event "46th Greek Team Championship"]
[Site "chess24.com"]
[Date "2018.07.13"]
[Round "5"]
[White "Macieja, Bartlomiej"]
[Black "Kuljasevic, Davorin"]
[Result "0-1"]
[Board "1"]
[WhiteElo "2525"]
[WhiteTitle "GM"]
[WhiteCountry "POL"]
[WhiteFideId "1104306"]
[WhiteEloChange "-5"]
[BlackElo "2545"]
[BlackTitle "GM"]
[BlackCountry "CRO"]
[BlackFideId "14506661"]
[BlackEloChange "5"]

1. e4 {[%clk 1:28:59]} e5 {[%clk 1:30:53]} 2. Nf3 {[%clk 1:29:21]} Nc6 {[%clk
1:31:16]} 3. Bb5 {[%clk 1:29:47]} a6 {[%clk 1:31:40]} 4. Ba4 {[%clk 1:30:15]} Nf6
{[%clk 1:31:54]} 5. d3 {[%clk 1:30:38]} b5 {[%clk 1:31:21]} 6. Bb3 {[%clk
1:31:06]} Be7 {[%clk 1:31:23]} 7. g4 {[%clk 1:31:27]} h6 {[%clk 1:17:45]} 8. a4
{[%clk 0:45:22]} d5 {[%clk 0:57:04]} 9. axb5 {[%clk 0:30:15]} dxe4 {[%clk
0:52:21]} 10. bxc6 {[%clk 0:30:33]} exf3 {[%clk 0:45:29]} 11. h3 {[%clk 0:27:52]}
e4 {[%clk 0:39:08]} 12. Ra4 {[%clk 0:19:51]} exd3 {[%clk 0:31:36]} 13. Qxd3
{[%clk 0:12:21]} Qxd3 {[%clk 0:27:34]} 14. cxd3 {[%clk 0:12:50]} O-O {[%clk
0:25:14]} 15. Bd1 {[%clk 0:03:38]} Rd8 {[%clk 0:21:03]} 16. Bxf3 {[%clk 0:01:32]}
Rxd3 {[%clk 0:21:04]} 17. Ke2 {[%clk 0:01:52]} Rb3 {[%clk 0:20:22]} 18. Nc3
{[%clk 0:01:01]} Be6 {[%clk 0:15:31]} 19. Kf1 {[%clk 0:00:37]} Bb4 {[%clk
0:11:39]} 20. Kg2 {[%clk 0:01:06]} Bxc3 {[%clk 0:11:59]} 21. bxc3 {[%clk
0:01:35]} Rxc3 {[%clk 0:10:50]} 22. Be3 {[%clk 0:01:11]} Nd5 {[%clk 0:06:15]} 23.
Rha1 {[%clk 0:01:22]} Rxc6 {[%clk 0:05:51]} 24. Bd4 {[%clk 0:01:22]} Rd8 {[%clk
0:04:49]} 25. Be5 {[%clk 0:02:04]} Rc5 {[%clk 0:03:27]} 26. Bg3 {[%clk 0:02:30]}
Nc3 {[%clk 0:02:24]} 27. Rxa6 {[%clk 0:01:18]} Bd5 {[%clk 0:02:24]} 28. Rc1
{[%clk 0:01:47]} Bxf3+ {[%clk 0:02:29]} 29. Kxf3 {[%clk 0:01:16]} Ne4 {[%clk
0:01:12]} 30. Rxc5 {[%clk 0:00:36]} Nxc5 {[%clk 0:01:25]} 31. Bxc7 {[%clk
0:01:05]} Rd3+ {[%clk 0:01:50]} 32. Ke2 {[%clk 0:01:05]} Nxa6 {[%clk 0:01:50]}
0-1

[Event "46th Greek Team Championship"]
[Site "chess24.com"]
[Date "2018.07.13"]
[Round "5"]
[White "Papadopoulos, Georgios"]
[Black "Mihailidis, Anastasios"]
[Result "0-1"]
[Board "2"]
[WhiteElo "2352"]
[WhiteCountry "GRE"]
[WhiteFideId "4210271"]
[WhiteEloChange "-12"]
[BlackElo "2265"]
[BlackTitle "FM"]
[BlackCountry "GRE"]
[BlackFideId "4205588"]
[BlackEloChange "12"]

1. d4 {[%clk 1:30:49]} d5 {[%clk 1:30:40]} 2. Bf4 {[%clk 1:30:58]} Nf6 {[%clk
1:30:43]} 3. e3 {[%clk 1:31:17]} e6 {[%clk 1:30:35]} 4. Nf3 {[%clk 1:31:34]} Bd6
{[%clk 1:30:32]} 5. Bxd6 {[%clk 1:31:44]} Qxd6 {[%clk 1:30:19]} 6. c4 {[%clk
1:32:06]} O-O {[%clk 1:29:45]} 7. Nc3 {[%clk 1:32:02]} a6 {[%clk 1:23:46]} 8. Rc1
{[%clk 1:27:11]} Nbd7 {[%clk 1:18:25]} 9. cxd5 {[%clk 1:25:11]} exd5 {[%clk
1:10:02]} 10. Be2 {[%clk 1:25:22]} c6 {[%clk 1:02:54]} 11. O-O {[%clk 1:21:15]}
Ne4 {[%clk 0:59:38]} 12. Ne1 {[%clk 1:11:06]} Qh6 {[%clk 0:50:14]} 13. Nd3 {[%clk
1:06:10]} Ndf6 {[%clk 0:34:18]} 14. Nxe4 {[%clk 1:01:27]} Nxe4 {[%clk 0:34:27]}
15. Nc5 {[%clk 1:00:08]} Nxc5 {[%clk 0:23:01]} 16. dxc5 {[%clk 0:55:51]} Qf6
{[%clk 0:21:29]} 17. Qd4 {[%clk 0:52:47]} Qxd4 {[%clk 0:20:41]} 18. exd4 {[%clk
0:53:14]} Bf5 {[%clk 0:20:32]} 19. f3 {[%clk 0:52:05]} Rfe8 {[%clk 0:18:07]} 20.
Kf2 {[%clk 0:52:24]} Re7 {[%clk 0:11:43]} 21. Rfe1 {[%clk 0:52:32]} Rae8 {[%clk
0:11:16]} 22. Bf1 {[%clk 0:52:12]} Kf8 {[%clk 0:11:43]} 23. Rxe7 {[%clk 0:48:50]}
Rxe7 {[%clk 0:12:11]} 24. Re1 {[%clk 0:49:05]} Rxe1 {[%clk 0:12:08]} 25. Kxe1
{[%clk 0:49:28]} Ke7 {[%clk 0:12:36]} 26. Kd2 {[%clk 0:49:37]} Kd8 {[%clk
0:12:53]} 27. b4 {[%clk 0:42:29]} h6 {[%clk 0:10:49]} 28. Ke3 {[%clk 0:31:50]}
Bb1 {[%clk 0:09:37]} 29. a3 {[%clk 0:32:00]} Bf5 {[%clk 0:08:24]} 30. Kf4 {[%clk
0:29:30]} Bd7 {[%clk 0:08:31]} 31. Bd3 {[%clk 0:27:47]} g5+ {[%clk 0:07:22]} 32.
Kg3 {[%clk 0:27:57]} Ke7 {[%clk 0:06:47]} 33. f4 {[%clk 0:25:29]} f6 {[%clk
0:02:20]} 34. Be2 {[%clk 0:17:15]} Kf7 {[%clk 0:01:18]} 35. Bh5+ {[%clk 0:13:17]}
Kg7 {[%clk 0:01:42]} 36. h4 {[%clk 0:10:13]} Bc8 {[%clk 0:01:27]} 37. fxg5 {[%clk
0:02:46]} fxg5 {[%clk 0:01:29]} 38. Be2 {[%clk 0:01:23]} Kf6 {[%clk 0:01:32]} 39.
hxg5+ {[%clk 0:00:46]} Kxg5 {[%clk 0:01:29]} 40. Bd3 {[%clk 0:30:36]} Bf5 {[%clk
0:30:57]} 41. Bf1 {[%clk 0:27:57]} h5 {[%clk 0:25:32]} 42. a4 {[%clk 0:24:55]}
h4+ {[%clk 0:19:54]} 43. Kf3 {[%clk 0:18:32]} Be4+ {[%clk 0:18:17]} 44. Ke3
{[%clk 0:18:43]} Kg4 {[%clk 0:15:25]} 45. Kf2 {[%clk 0:17:44]} Kf4 {[%clk
0:13:57]} 46. b5 {[%clk 0:13:52]} axb5 {[%clk 0:12:35]} 47. axb5 {[%clk 0:14:04]}
Bf5 {[%clk 0:12:00]} 48. bxc6 {[%clk 0:08:09]} bxc6 {[%clk 0:12:24]} 49. Be2
{[%clk 0:06:34]} Ke4 {[%clk 0:10:42]} 50. g4 {[%clk 0:06:07]} hxg3+ {[%clk
0:10:15]} 51. Kxg3 {[%clk 0:06:35]} Kxd4 {[%clk 0:10:18]} 52. Kf4 {[%clk
0:07:01]} Bd3 {[%clk 0:10:09]} 53. Bh5 {[%clk 0:06:44]} Kxc5 {[%clk 0:10:09]} 54.
Ke5 {[%clk 0:05:17]} Bf1 {[%clk 0:09:19]} 55. Bf3 {[%clk 0:05:21]} Bc4 {[%clk
0:09:11]} 56. Bg4 {[%clk 0:03:13]} Kb4 {[%clk 0:08:35]} 0-1

[Event "46th Greek Team Championship"]
[Site "chess24.com"]
[Date "2018.07.13"]
[Round "5"]
[White "Golegos, Antonis"]
[Black "Fragkos, Vasileios"]
[Result "1-0"]
[Board "10"]
[WhiteElo "1136"]
[WhiteCountry "GRE"]
[WhiteFideId "25828797"]
[WhiteEloChange "18"]
[BlackElo "1774"]
[BlackCountry "GRE"]
[BlackFideId "25832646"]
[BlackEloChange "-18"]

1. e4 {[%clk 1:30:58]} e5 {[%clk 1:30:56]} 2. Nf3 {[%clk 1:31:20]} Nc6 {[%clk
1:31:19]} 3. Bc4 {[%clk 1:31:28]} Bc5 {[%clk 1:31:43]} 4. d3 {[%clk 1:31:16]} Nf6
{[%clk 1:31:47]} 5. Nc3 {[%clk 1:30:24]} d6 {[%clk 1:30:32]} 6. Be3 {[%clk
1:25:02]} Bb6 {[%clk 1:30:55]} 7. Qd2 {[%clk 1:24:26]} Be6 {[%clk 1:28:49]} 8.
Bb3 {[%clk 1:24:40]} Qd7 {[%clk 1:22:23]} 9. Ba4 {[%clk 1:15:09]} O-O {[%clk
1:21:37]} 10. O-O {[%clk 1:09:51]} Ba5 {[%clk 1:15:52]} 11. Bg5 {[%clk 1:04:13]}
Qe7 {[%clk 1:14:19]} 12. a3 {[%clk 0:55:19]} h6 {[%clk 1:11:56]} 13. Bh4 {[%clk
0:49:58]} g5 {[%clk 1:07:49]} 14. Nxg5 {[%clk 0:49:31]} Bxc3 {[%clk 1:00:32]} 15.
bxc3 {[%clk 0:49:44]} Nxe4 {[%clk 0:58:16]} 16. dxe4 {[%clk 0:49:22]} hxg5 {[%clk
0:58:25]} 17. Qxg5+ {[%clk 0:49:30]} Qxg5 {[%clk 0:58:48]} 18. Bxg5 {[%clk
0:49:55]} Bc4 {[%clk 0:58:23]} 19. Rfe1 {[%clk 0:49:30]} f6 {[%clk 0:51:58]} 20.
Bd2 {[%clk 0:48:12]} Na5 {[%clk 0:51:33]} 21. Rab1 {[%clk 0:47:26]} a6 {[%clk
0:51:19]} 22. Bb3 {[%clk 0:44:24]} b5 {[%clk 0:50:48]} 23. f3 {[%clk 0:43:33]}
Kf7 {[%clk 0:50:12]} 24. Kf2 {[%clk 0:41:30]} c5 {[%clk 0:49:46]} 25. Rh1 {[%clk
0:39:29]} Nxb3 {[%clk 0:47:22]} 26. cxb3 {[%clk 0:39:07]} Bd3 {[%clk 0:47:46]}
27. Rbc1 {[%clk 0:37:40]} f5 {[%clk 0:47:50]} 28. exf5 {[%clk 0:34:52]} Bxf5
{[%clk 0:48:12]} 29. g4 {[%clk 0:35:13]} Bg6 {[%clk 0:48:29]} 30. h4 {[%clk
0:34:59]} Ke6 {[%clk 0:48:30]} 31. Ke2 {[%clk 0:33:48]} Rh8 {[%clk 0:42:53]} 32.
h5 {[%clk 0:33:05]} Bf7 {[%clk 0:41:25]} 33. Rcg1 {[%clk 0:31:41]} Rag8 {[%clk
0:41:23]} 34. Rh2 {[%clk 0:30:45]} Kd7 {[%clk 0:41:30]} 35. Rgh1 {[%clk 0:30:25]}
Bxb3 {[%clk 0:41:51]} 36. h6 {[%clk 0:30:32]} Rh7 {[%clk 0:42:08]} 37. Rg1 {[%clk
0:29:40]} Bf7 {[%clk 0:42:12]} 38. Rhg2 {[%clk 0:29:27]} Bg6 {[%clk 0:41:16]} 39.
g5 {[%clk 0:26:08]} Kc6 {[%clk 0:37:26]} 40. Ra1 {[%clk 0:55:37]} Rb8 {[%clk
1:03:03]} 41. Rf2 {[%clk 0:54:24]} Rf8 {[%clk 0:52:42]} 42. Rg1 {[%clk 0:49:47]}
d5 {[%clk 0:40:35]} 43. f4 {[%clk 0:49:17]} Rhf7 {[%clk 0:39:31]} 44. Rg4 {[%clk
0:48:46]} Bh5 {[%clk 0:39:53]} 45. Rg2 {[%clk 0:48:07]} Rg8 {[%clk 0:39:22]} 46.
Kf2 {[%clk 0:48:04]} Bxg4 {[%clk 0:39:40]} 47. Rxg4 {[%clk 0:48:19]} Rh7 {[%clk
0:32:39]} 48. Kg3 {[%clk 0:47:47]} exf4+ {[%clk 0:32:56]} 49. Bxf4 {[%clk
0:48:03]} Rg6 {[%clk 0:33:20]} 50. Kh4 {[%clk 0:48:17]} d4 {[%clk 0:24:46]} 51.
Kh5 {[%clk 0:48:18]} Rg8 {[%clk 0:24:19]} 52. g6 {[%clk 0:48:01]} Re7 {[%clk
0:22:39]} 53. h7 {[%clk 0:47:43]} Rh8 {[%clk 0:22:44]} 54. Kh6 {[%clk 0:47:22]}
Re1 {[%clk 0:23:03]} 55. Kg7 {[%clk 0:47:32]} Ree8 {[%clk 0:23:25]} 56. Kh6
{[%clk 0:47:35]} Re1 {[%clk 0:23:50]} 57. Rh4 {[%clk 0:47:33]} Re6 {[%clk
0:23:44]} 58. Rh5 {[%clk 0:46:46]} dxc3 {[%clk 0:23:36]} 59. Be5 {[%clk 0:46:13]}
c2 {[%clk 0:23:58]} 60. Bb2 {[%clk 0:45:25]} Rd8 {[%clk 0:23:24]} 61. Rh2 {[%clk
0:45:11]} Ree8 {[%clk 0:22:50]} 62. Rxc2 {[%clk 0:44:49]} Rd1 {[%clk 0:22:41]}
63. Rh2 {[%clk 0:44:40]} Rdd8 {[%clk 0:23:01]} 64. Rf2 {[%clk 0:44:30]} Re3
{[%clk 0:22:56]} 65. Rf6+ {[%clk 0:43:58]} Kd5 {[%clk 0:23:10]} 66. Kg7 {[%clk
0:43:33]} Ree8 {[%clk 0:23:19]} 67. Kh6 {[%clk 0:43:33]} Re3 {[%clk 0:23:38]} 68.
Rf5+ {[%clk 0:42:30]} Kc4 {[%clk 0:23:41]} 69. h8Q {[%clk 0:41:26]} Rxh8+ {[%clk
0:23:55]} 70. Bxh8 {[%clk 0:41:50]} Rg3 {[%clk 0:23:23]} 71. Rg5 {[%clk 0:40:25]}
Rh3+ {[%clk 0:23:43]} 72. Kg7 {[%clk 0:40:42]} Rxa3 {[%clk 0:24:06]} 73. Kf7
{[%clk 0:40:23]} Rf3+ {[%clk 0:24:29]} 74. Bf6 {[%clk 0:40:46]} Rd3 {[%clk
0:24:48]} 75. g7 {[%clk 0:40:39]} Rd7+ {[%clk 0:25:05]} 76. Be7 {[%clk 0:40:58]}
1-0

[Event "46th Greek Team Championship"]
[Site "chess24.com"]
[Date "2018.07.13"]
[Round "5"]
[White "Vlachos, Georgios 46448"]
[Black "Violakis, Anastasios"]
[Result "1-0"]
[Board "10"]
[WhiteElo "1334"]
[WhiteCountry "GRE"]
[WhiteFideId "25851128"]
[WhiteEloChange "8"]
[BlackElo "1255"]
[BlackCountry "GRE"]
[BlackFideId "25840070"]
[BlackEloChange "-8"]

1. e4 {[%clk 1:30:33]} c5 {[%clk 1:30:51]} 2. c3 {[%clk 1:30:55]} d6 {[%clk
1:30:59]} 3. d4 {[%clk 1:31:10]} cxd4 {[%clk 1:31:16]} 4. cxd4 {[%clk 1:31:29]}
g6 {[%clk 1:31:28]} 5. h3 {[%clk 1:28:55]} Bg7 {[%clk 1:31:46]} 6. Nf3 {[%clk
1:29:10]} Nf6 {[%clk 1:31:17]} 7. Nc3 {[%clk 1:29:10]} O-O {[%clk 1:31:34]} 8.
Be2 {[%clk 1:28:49]} Nc6 {[%clk 1:30:49]} 9. O-O {[%clk 1:28:44]} Bd7 {[%clk
1:28:45]} 10. Be3 {[%clk 1:26:28]} Rc8 {[%clk 1:24:07]} 11. Qd2 {[%clk 1:25:22]}
Na5 {[%clk 1:20:29]} 12. b3 {[%clk 1:22:06]} Nc6 {[%clk 1:19:47]} 13. Rac1 {[%clk
1:19:54]} Qa5 {[%clk 1:11:12]} 14. Ne1 {[%clk 1:13:17]} Nb4 {[%clk 1:09:50]} 15.
f4 {[%clk 1:11:22]} d5 {[%clk 1:02:03]} 16. exd5 {[%clk 1:11:22]} Nfxd5 {[%clk
0:58:45]} 17. Nf3 {[%clk 0:53:09]} Nxe3 {[%clk 0:55:57]} 18. Qxe3 {[%clk
0:53:00]} Qd8 {[%clk 0:55:39]} 19. Bc4 {[%clk 0:51:07]} a6 {[%clk 0:49:02]} 20.
Ne5 {[%clk 0:41:45]} e6 {[%clk 0:44:04]} 21. a3 {[%clk 0:36:58]} Nc6 {[%clk
0:43:43]} 22. Ne4 {[%clk 0:36:54]} Qe7 {[%clk 0:42:37]} 23. Kh1 {[%clk 0:28:37]}
Rcd8 {[%clk 0:33:54]} 24. b4 {[%clk 0:21:21]} Be8 {[%clk 0:28:52]} 25. Rcd1
{[%clk 0:18:33]} f6 {[%clk 0:28:11]} 26. Nxc6 {[%clk 0:18:04]} Bxc6 {[%clk
0:28:26]} 27. Nc5 {[%clk 0:17:40]} Bd5 {[%clk 0:27:28]} 28. Bxd5 {[%clk 0:15:19]}
Rxd5 {[%clk 0:27:55]} 29. Qxe6+ {[%clk 0:15:19]} Qxe6 {[%clk 0:28:03]} 30. Nxe6
{[%clk 0:15:40]} Rc8 {[%clk 0:27:39]} 31. Rfe1 {[%clk 0:09:15]} Bh8 {[%clk
0:25:33]} 32. Nc5 {[%clk 0:05:19]} b6 {[%clk 0:24:37]} 33. Nxa6 {[%clk 0:05:14]}
Kf7 {[%clk 0:23:41]} 34. a4 {[%clk 0:04:27]} Rcd8 {[%clk 0:23:46]} 35. Rc1 {[%clk
0:03:04]} Rxd4 {[%clk 0:23:43]} 36. Rc6 {[%clk 0:02:29]} R4d6 {[%clk 0:23:25]}
37. Rec1 {[%clk 0:02:22]} Ke7 {[%clk 0:23:06]} 38. Rc7+ {[%clk 0:01:34]} R8d7
{[%clk 0:23:02]} 39. Nb8 {[%clk 0:01:09]} Rxc7 {[%clk 0:22:51]} 40. Rxc7+ {[%clk
0:31:32]} Ke6 {[%clk 0:53:17]} 41. Rxh7 {[%clk 0:30:33]} Rd8 {[%clk 0:53:45]} 42.
Nc6 {[%clk 0:27:48]} Rc8 {[%clk 0:53:42]} 43. b5 {[%clk 0:25:44]} Kd6 {[%clk
0:50:44]} 44. Rb7 {[%clk 0:20:15]} Kc5 {[%clk 0:50:17]} 45. Ne7 {[%clk 0:18:27]}
Rd8 {[%clk 0:46:47]} 46. Nxg6 {[%clk 0:18:38]} f5 {[%clk 0:46:41]} 47. Nxh8
{[%clk 0:17:36]} Rxh8 {[%clk 0:46:48]} 48. Rc7+ {[%clk 0:17:29]} Kb4 {[%clk
0:47:10]} 49. Rc6 {[%clk 0:16:05]} Kxa4 {[%clk 0:45:43]} 50. Rxb6 {[%clk
0:16:25]} Rh4 {[%clk 0:45:31]} 51. Rf6 {[%clk 0:14:40]} Kxb5 {[%clk 0:45:50]} 52.
Rxf5+ {[%clk 0:15:02]} Kc6 {[%clk 0:46:11]} 53. Kh2 {[%clk 0:15:08]} Kd6 {[%clk
0:46:34]} 54. Kg3 {[%clk 0:14:37]} Rh7 {[%clk 0:46:42]} 55. Re5 {[%clk 0:14:23]}
Kd7 {[%clk 0:46:36]} 56. h4 {[%clk 0:14:25]} Kd8 {[%clk 0:46:40]} 57. h5 {[%clk
0:14:26]} Rg7+ {[%clk 0:46:42]} 58. Rg5 {[%clk 0:14:22]} Rh7 {[%clk 0:47:04]} 59.
Kg4 {[%clk 0:14:41]} Ke7 {[%clk 0:47:29]} 60. Rg6 {[%clk 0:14:40]} Kf7 {[%clk
0:47:46]} 61. Kg5 {[%clk 0:14:44]} Kf8 {[%clk 0:48:03]} 62. g4 {[%clk 0:15:00]}
Kf7 {[%clk 0:48:25]} 63. Rf6+ {[%clk 0:14:59]} Kg7 {[%clk 0:48:40]} 64. Ra6
{[%clk 0:12:26]} Kg8 {[%clk 0:48:57]} 65. Ra8+ {[%clk 0:12:48]} Kg7 {[%clk
0:49:25]} 66. Ra7+ {[%clk 0:13:10]} Kg8 {[%clk 0:49:52]} 67. Rxh7 {[%clk
0:13:32]} Kxh7 {[%clk 0:50:13]} 68. f5 {[%clk 0:13:49]} Kg7 {[%clk 0:50:36]} 69.
f6+ {[%clk 0:13:59]} Kf8 {[%clk 0:50:50]} 70. Kg6 {[%clk 0:14:18]} Kg8 {[%clk
0:51:16]} 71. f7+ {[%clk 0:14:40]} Kf8 {[%clk 0:51:36]} 72. h6 {[%clk 0:15:03]}
Ke7 {[%clk 0:52:02]} 73. Kg7 {[%clk 0:15:25]} Kd6 {[%clk 0:52:28]} 74. f8Q+
{[%clk 0:15:39]} Kd5 {[%clk 0:52:53]} 75. Qe7 {[%clk 0:15:54]} Kd4 {[%clk
0:53:15]} 76. h7 {[%clk 0:16:15]} Kd5 {[%clk 0:53:35]} 77. h8Q {[%clk 0:16:35]}
Kc4 {[%clk 0:54:00]} 78. Qd6 {[%clk 0:16:41]} Kc3 {[%clk 0:54:22]} 79. Qc8+
{[%clk 0:16:59]} Kb3 {[%clk 0:54:43]} 80. Qb6+ {[%clk 0:17:14]} 1-0

[Event "46th Greek Team Championship"]
[Site "chess24.com"]
[Date "2018.07.13"]
[Round "5"]
[White "Moshou, Alexia"]
[Black "Kouta, Vasiliki"]
[Result "1-0"]
[Board "6"]
[WhiteElo "1582"]
[WhiteCountry "GRE"]
[WhiteFideId "4238664"]
[WhiteEloChange "4"]
[BlackElo "1350"]
[BlackCountry "GRE"]
[BlackFideId "4241576"]
[BlackEloChange "-4"]

1. e4 {[%clk 1:30:30]} d6 {[%clk 1:28:02]} 2. d4 {[%clk 1:31:08]} Nf6 {[%clk
1:28:16]} 3. Nc3 {[%clk 1:31:18]} Nbd7 {[%clk 1:27:46]} 4. Bd3 {[%clk 1:27:11]}
e5 {[%clk 1:20:47]} 5. Nge2 {[%clk 1:26:54]} Be7 {[%clk 1:19:59]} 6. O-O {[%clk
1:26:46]} c6 {[%clk 0:44:26]} 7. Kh1 {[%clk 1:22:01]} h6 {[%clk 0:33:50]} 8. f4
{[%clk 1:21:57]} exd4 {[%clk 0:23:30]} 9. Nxd4 {[%clk 1:22:15]} Nc5 {[%clk
0:23:09]} 10. h3 {[%clk 1:18:23]} Nxd3 {[%clk 0:20:39]} 11. Qxd3 {[%clk 1:18:03]}
Qc7 {[%clk 0:19:10]} 12. f5 {[%clk 1:13:17]} Bd7 {[%clk 0:16:22]} 13. Bf4 {[%clk
1:13:25]} O-O-O {[%clk 0:12:37]} 14. Nf3 {[%clk 1:11:26]} Qa5 {[%clk 0:07:18]}
15. Qc4 {[%clk 1:10:33]} d5 {[%clk 0:05:51]} 16. exd5 {[%clk 1:10:22]} Nxd5
{[%clk 0:06:02]} 17. Bd2 {[%clk 0:59:31]} Nxc3 {[%clk 0:02:38]} 18. Bxc3 {[%clk
0:59:52]} Qc7 {[%clk 0:02:23]} 19. Bxg7 {[%clk 0:58:40]} Rhg8 {[%clk 0:01:25]}
20. Be5 {[%clk 0:58:42]} Bd6 {[%clk 0:01:22]} 21. Qf4 {[%clk 0:56:17]} Bxe5
{[%clk 0:01:15]} 22. Qxe5 {[%clk 0:55:50]} Qb6 {[%clk 0:00:45]} 23. Qf6 {[%clk
0:54:14]} Qa6 {[%clk 0:00:36]} 24. Rf2 {[%clk 0:53:27]} Qb5 {[%clk 0:00:40]} 25.
Ne5 {[%clk 0:52:43]} Qd5 {[%clk 0:00:35]} 26. c4 {[%clk 0:52:18]} Qd4 {[%clk
0:00:47]} 27. Raf1 {[%clk 0:52:18]} Rge8 {[%clk 0:00:38]} 28. Nxd7 {[%clk
0:50:30]} Rxd7 {[%clk 0:01:05]} 29. Qxh6 {[%clk 0:49:37]} Qxc4 {[%clk 0:01:11]}
30. b3 {[%clk 0:49:55]} Qc3 {[%clk 0:01:23]} 31. f6 {[%clk 0:44:26]} Re1 {[%clk
0:00:40]} 32. Qf4 {[%clk 0:43:49]} Rxf1+ {[%clk 0:00:43]} 33. Rxf1 {[%clk
0:44:12]} Rd4 {[%clk 0:00:40]} 34. Qf5+ {[%clk 0:44:27]} Kc7 {[%clk 0:00:40]} 35.
Qe5+ {[%clk 0:44:35]} Kb6 {[%clk 0:00:46]} 36. Qe7 {[%clk 0:39:30]} Rf4 {[%clk
0:00:36]} 37. Rxf4 {[%clk 0:37:07]} Qc1+ {[%clk 0:00:57]} 38. Kh2 {[%clk
0:37:27]} Qxf4+ {[%clk 0:01:21]} 39. Kg1 {[%clk 0:37:51]} Qd4+ {[%clk 0:00:40]}
40. Kf1 {[%clk 1:07:46]} Qa1+ {[%clk 0:30:44]} 41. Qe1 {[%clk 1:08:05]} Qxf6+
{[%clk 0:31:04]} 42. Qf2+ {[%clk 1:08:27]} Qxf2+ {[%clk 0:31:26]} 43. Kxf2 {[%clk
1:08:52]} Kc5 {[%clk 0:25:36]} 44. Kf3 {[%clk 1:07:45]} Kd5 {[%clk 0:18:31]} 45.
Kf4 {[%clk 1:06:44]} Ke6 {[%clk 0:16:40]} 46. Kg5 {[%clk 1:06:55]} c5 {[%clk
0:11:34]} 47. a4 {[%clk 1:03:00]} b6 {[%clk 0:08:21]} 48. h4 {[%clk 1:03:19]} Ke7
{[%clk 0:08:37]} 49. h5 {[%clk 1:03:38]} Kf8 {[%clk 0:09:03]} 50. Kf6 {[%clk
1:03:50]} a6 {[%clk 0:05:45]} 51. h6 {[%clk 1:03:13]} Kg8 {[%clk 0:05:29]} 52.
Ke5 {[%clk 0:51:42]} b5 {[%clk 0:04:31]} 53. a5 {[%clk 0:51:59]} c4 {[%clk
0:04:13]} 54. bxc4 {[%clk 0:52:25]} bxc4 {[%clk 0:01:26]} 55. Kd4 {[%clk
0:52:50]} Kh7 {[%clk 0:00:57]} 56. Kxc4 {[%clk 0:53:15]} Kxh6 {[%clk 0:00:46]}
57. Kc5 {[%clk 0:48:14]} f5 {[%clk 0:01:08]} 58. Kb6 {[%clk 0:48:27]} f4 {[%clk
0:01:06]} 59. Kxa6 {[%clk 0:48:46]} Kg5 {[%clk 0:01:32]} 60. Kb6 {[%clk 0:48:59]}
Kg4 {[%clk 0:01:55]} 61. a6 {[%clk 0:49:25]} Kg3 {[%clk 0:02:10]} 62. a7 {[%clk
0:49:23]} Kxg2 {[%clk 0:02:27]} 63. a8Q+ {[%clk 0:49:37]} f3 {[%clk 0:01:35]} 64.
Kc5 {[%clk 0:49:45]} Kg3 {[%clk 0:00:40]} 65. Kd4 {[%clk 0:49:48]} 1-0